000 00517nam a2200181Ia 4500
005 20250508151656.0
008 008 250505s9999 xx 000 0 eng d
037 _aTextual
040 _aFEDL
_beng
_cFEDL
041 _aeng
_2eng
084 _a181.408 1, VIV
_qFEDL
245 0 _aTeachings of Swami Vivekananda
260 _aAlmora, India
_bYogeshwarananda
_c1953
300 _avi,272p
650 _aOriental philosophy
_9755543
942 _cTEXL
_h181.408 1, VIV
999 _c1331371
_d1331371